000 00312nam a22001337a 4500
999 _c532715
_d532715
003 NUST
038 _aM.Ramzan
082 _a954.91
_bARM
100 _aAmstrong, Karen.
_926300
245 _aA letter to Pakistan /
260 _aKarachi:
_bOxford University Press,
_c2011.
300 _a95 p, :
942 _2ddc
_cBK